Siostra Faustyna Kowalska

Titel: Siostra Faustyna Kowalska : życie i posłannictwo / Maria Tarnawska
darin enthalten: Jezu ufam tobie. Wybrane modlitwy Sługi Bożej Siostry Faustyny
Verfasser:
Beteiligt:
Ausgabe: Wyd. 2., popraw.
Veröffentlicht: London : Veritas, 1987
Umfang: 371 Seiten : Illustrationen + 1 Beiheft
Format: Buch
Sprache: Polnisch
Schriftenreihe/
mehrbändiges Werk:
Biblioteka polska. Seria niebieska (religijna) ; 32
Schlagworte:
ISBN: 0948202068 ; 0908202041
Buchumschlag
X
Lokale Klassifikation: 2 K 1879 ; 32 11 F
alg: 1781163
001A    $03004:01-10-91 
001B    $01999:24-11-23 $t10:02:51.000 
001D    $09999:99-99-99 
001U    $0utf8 
001X    $00 
002@    $0Aau 
002C    $aText $btxt $2rdacontent 
002D    $aohne Hilfsmittel zu benutzen $bn $2rdamedia 
002E    $aBand $bnc $2rdacarrier 
003@    $0017811635 
003O    $0611991378 $aOCoLC 
004A    $00-948202-06-8 
004D    $00-908202-04-1 
007A    $0017811635 $aHEB 
007T    $0Herdhh017811635 
010@    $apol 
011@    $a1987 
013D    $RBiograf $RLebenslauf $RBiografik $#Biographies $#Biography $#Biographies -- Histoire et critique $#Biographie $#Biographisches Nachschlagewerk $#Lebensbeschreibung $#Berühmte Persönlichkeit Biografie $#Biografisches Nachschlagewerk $74006804-3 $8Biografie [Ts1] $9085010375 
021A    $aSiostra Faustyna Kowalska $dżycie i posłannictwo $hMaria Tarnawska 
021M    $aJezu ufam tobie. Wybrane modlitwy Sługi Bożej Siostry Faustyny 
027A    $aJezu ufam tobie 
028A    $BVerfasser $4aut $7 $8Tarnawska, Maria [Tnx] $9162755937 
028C    $7 $8Kowalska, Faustyna [Tnx] $9162755945 
032@    $aWyd. 2., popraw. 
033A    $pLondon $nVeritas 
034D    $a371 Seiten 
034K    $a1 Beiheft 
034M    $aIllustrationen 
036E    $aBiblioteka polska. Seria niebieska (religijna) $l32 
044K    $ROrden $#Monasticism and religious orders $#Ordres monastiques et religieux chrétiens $#Ordres monastiques et religieux $#Mönchstum $74074927-7 $8Mönchtum [Ts1] $9085211184 
044K    $RFrauenkongregation $74378210-3 $8Barmherzige Schwestern [Ts1] $9088384284 
044K    $#Faustina $#Kowalska, Faustina $#Kowalska, Helena $#Kowalska, M. F. $#Kowalska, Maria Faustina $#Kowalska, Maria Faustyna $#Maria Faustyna  $#Faustina  $#Faustyna  $#Faustyna  $#Faustina  $#Faustyna  $#Kowalska, Faustyna $7118956442 $8$PFaustyna$lSiostra$Z1905-1938 [Tp1] $9087296780 
045F    $a200.9438 $eDDC23BSB 
045F/01 $a200.9 
045F/03 $g438 

lok: 1781163 24
101B    $029-09-03 $t17:21:43.000 
145Z/01 $a2 K 1879 
145Z/02 $a32 11 F 
101U    $0utf8 

exp: 1781163 24 1 #EPN
201B/01 $029-09-03 $t17:21:43.000 
203@/01 $0086182498 
208@/01 $a01-10-91 $bh 
209A/01 $a2 K 1879 A 2 $du $f050 $h2 K 1879 / A 2 $x00 
209C/01 $aK 91.1788 $h91 1788 K 
209G/01 $a70664330 $x00 
247C/01 $8358050-7 Marburg, Bibliothek des Herder-Instituts Marburg $9102600961 
201U/01 $0utf8 

lok: 1781163 78

exp: 1781163 78 1 #EPN
201B/01 $004-02-21 $t23:13:53.000 
201U/01 $0utf8 
203@/01 $079415333X 
208@/01 $a12-11-16 $be 
209A/01 $a/ $f000 $x00 
220C/01 $aAnmerkung: *NG 
237A/01 $aweiterführende Signatur(en): Herder-Institut: 2 K 1879 A 2 
244Z/01 $2Trx $#Poola $#Lenkija $#Polija $#Polen Land $#Poland $#Lengyelország $#Poľsko $#Polsko $8--Trx--Polska$gkraj $x01 $9391345966 
244Z/01 $2Trx $#Litauen $#Lithuania $#Litwa $#Litva $#Litva $8--Trx--Lietuva $x02 $9391193457 
244Z/01 $aGeschichte 1905-1938 $x03 
244Z/01 $#Faustina $#Kowalska, Faustina $#Kowalska, Helena $#Kowalska, M. F. $#Kowalska, Maria Faustina $#Kowalska, Maria Faustyna $#Maria Faustyna  $#Faustina  $#Faustyna  $#Faustyna  $#Faustina  $#Faustyna  $#Kowalska, Faustyna $7118956442 $8--Tp1--$PFaustyna$lSiostra$Z1905-1938 $x04 $9087296780 
244Z/01 $2Trx $#kirik, Rooma-Katoliku $#bažnyčia, Romos katalikų $#Church, Roman-Catholic $#Római katolikus templom $#kościół rzymskokatolicki $#cirkev rímsko-katolícka $#církev římsko-katolická $8--Trx--Kirche, römisch-katholische $x05 $9391382845 
244Z/01 $2Trx $#ordud, vaimulikud $#vienuolijos $#monastic orders $#szerzetesrendek $#zakony $#rády cirkevné $#řády církevní $#zgromadzenia zakonne $#kongregácie - rádové $#kongregace řádové $8--Trx--Orden, geistliche $x06 $9391376004 
244Z/01 $2Trx $8--Trx--Monographie $x07 $9391384546 
244Z/01 $2Trx $#biograafiad $#biografijos $#biography $#életrajzok $#biografia $#biografie $#biografie $8--Trx--Biographie $x08 $9391352938 
245Z/01 $a10.02.02.01;12.03 $x01 
247C/01 $82080>Marburg/Lahn, Herder-Institut, Forschungsbibliothek, Bibliographieportal $9336309341
LEADER 00000cam a2200000 c 4500
001 017811635
003 DE-603
005 20231124100251.0
007 tu
008 911001s1987 xx |||| | u00||u|pol c
020 |a 0948202068 
020 |z 0908202041 
035 |a (DE-599)HEB017811635 
035 |a (OCoLC)611991378 
040 |a DE-603  |b ger  |c DE-603  |d DE-603 
041 |a pol 
082 0 4 |8 1\u  |a 200.9438  |q DE-101  |2 23/BSB 
085 |8 1\u  |b 200.9 
085 |8 1\u  |z 2  |s 438 
100 1 |a Tarnawska, Maria  |e Verfasser  |4 aut  |0 (DE-603)162755937 
245 0 0 |a Siostra Faustyna Kowalska  |b życie i posłannictwo  |c Maria Tarnawska 
246 1 3 |a Jezu ufam tobie 
249 |a Jezu ufam tobie. Wybrane modlitwy Sługi Bożej Siostry Faustyny 
250 |a Wyd. 2., popraw. 
264 1 |a London  |b Veritas  |c 1987 
300 |a 371 Seiten  |b Illustrationen  |e 1 Beiheft 
336 |a Text  |b txt  |2 rdacontent 
337 |a ohne Hilfsmittel zu benutzen  |b n  |2 rdamedia 
338 |a Band  |b nc  |2 rdacarrier 
490 0 |a Biblioteka polska. Seria niebieska (religijna)  |v 32 
600 0 7 |a Faustyna  |c Siostra  |d 1905-1938  |0 (DE-588)118956442  |0 (DE-603)087296780  |2 gnd 
650 7 |a Mönchtum  |0 (DE-588)4074927-7  |0 (DE-603)085211184  |2 gnd 
650 7 |a Barmherzige Schwestern  |0 (DE-588)4378210-3  |0 (DE-603)088384284  |2 gnd 
655 7 |a Biografie  |2 gnd-content  |0 (DE-588)4006804-3  |0 (DE-603)085010375 
700 1 |a Kowalska, Faustyna  |0 (DE-603)162755945 
924 0 |9 Mb 50  |a (DE-603)086182498  |b DE-Mb50  |c HES  |d c  |g 2 K 1879 A 2 
924 0 |9 2080  |a (DE-603)79415333X  |b DE-2080  |c HES  |d d  |g /